Countries whose Capital is not their Largest City - Statistics

General Stats
  • This quiz has been taken 2,501 times
    2,424 since last reset
  • The average score is 17 of 27
Answers on the Map
Answers color-coded by a green-red scale on the quiz's map according to % correct below.
 
Answer Stats
Capital Largest City Country % Correct
Washington D.C New York City United States
98%
Brasilia Sao Paulo Brazil
97%
Ottawa Toronto Canada
97%
Canberra Sydney Australia
96%
Beijing Shanghai China
93%
New Delhi Mumbai India
87%
Ankara Istanbul Turkey
87%
Pretoria/Cape Town/ Bloemfontein Johannesburg South Africa
86%
Wellington Auckland New Zealand
81%
Abuja Lagos Nigeria
80%
Islamabad Karachi Pakistan
78%
Rabat Casablanca Morocco
73%
Hanoi Ho Chi Minh City Vietnam
73%
Bern Zurich Switzerland
65%
Abu Dhabi Dubai United ArabEmirates
65%
La Paz/Sucre Santa Cruzde la Sierra Bolivia
63%
Astana Almaty Kazakhstan
62%
Naypyidaw Yangon Myanmar
61%
Dodoma Dar es Salaam Tanzania
57%
Yamoussoukro Abidjan Ivory Coast
43%
Belmopan Belize City Belize
38%
Yaounde Douala Cameroon
34%
Gitega Bujumbura Burundi
23%
Ngerulmud Koror Palau
22%
Palikir Weno Micronesia
17%
Banjul Serrekunda Gambia
13%
Malabo Bata Equatorial Guinea
12%
No matching quizzes found
Score Distribution
Percent of People with Each Score
Percentile by Number Answered
Your Score History
You have not taken this quiz since the last reset